| 000 | 00441nam a2200169 i 4500 | ||
|---|---|---|---|
| 001 | bg | ||
| 100 | 1 | _aGROSSMAN, I. | |
| 245 | 0 |
_aGruppy i ich grafy / _cI. Grossman, V. Magnus ; Perev. a angl. G. M. Cukerman. |
|
| 260 |
_aMoskva : _bIzdat. "Mir", _c1971. |
||
| 300 |
_as. 246 : _bilustr. |
||
| 700 | 1 | _aMAGNUS, V. | |
| 040 | _cBPK | ||
| 041 | _apol | ||
| 080 | _a512.54:519.17 | ||
| 942 | _cKS | ||
| 008 | s pl f |000 0 pol | ||
| 999 |
_c9298 _d9298 |
||
| 856 |
_uhttp://koha.tu.koszalin.pl/cgi-bin/koha/opac-detail.pl?biblionumber=9298 _yKatalog online BPK |
||